| 000 | 01101nam a2200301 a 4500 | ||
|---|---|---|---|
| 003 | MX-MxUPN | ||
| 005 | 20250115083424.0 | ||
| 008 | 991125s1949 mx a br 001 0 spa d | ||
| 035 | _aUPN01000018695 | ||
| 040 |
_aMX-MxUPN _bspa _cMX-MxUPN |
||
| 041 | _aspa | ||
| 050 | 4 |
_aLB1577 M6.1 _bV44 1949 |
|
| 100 | 1 |
_aVelarde, Sergio _944239 |
|
| 245 | 1 | 0 |
_aEjercicios de lenguaje : _bprimer libro |
| 246 | 1 | 4 |
_aEjercicio de lenguaje : _bteoría y práctica de la gramática en las clases elementales |
| 250 |
_aQuinta edición _brevisada y mejorada |
||
| 260 |
_aMéxico, D.F. : _bEditorial Progreso, _c1949. |
||
| 300 |
_a127 páginas : _bilustraciones |
||
| 500 | _a"Teoría y práctica de la gramática para 1° y 2° años de enseñanza elemental" | ||
| 504 | _aIncluye índice. | ||
| 650 | 4 |
_aEspañol _xGramática _xEstudio y enseñanza (Elemental) _913348 |
|
| 650 | 4 |
_aEspañol _917036 _vLibros de texto |
|
| 710 | 2 |
_951335 _aMuseo Pedagógico Nacional (México) _epropietario anterior |
|
| 902 | _bMaríaRobles/310524 | ||
| 904 |
_aAC _b018696 |
||
| 905 | _aLibro | ||
| 942 |
_2lcc _cLIBRO _n0 |
||
| 999 |
_c18695 _d18695 |
||